| 000 | 00850nam a2200205 i 4500 | ||
|---|---|---|---|
| 001 | 164292 | ||
| 003 | ES-MaACL | ||
| 005 | 20250902231242.0 | ||
| 008 | 931025s1840 sp |||| | spa d | ||
| 100 | 1 |
_aLa Sagra, Ramón de, _d1798-1871 _9101445 |
|
| 245 | 1 | 0 |
_aLecciones de economía social : _bdadas en el Ateneo Científico y Literario de Madrid / _cpor Ramón de la Sagra. |
| 260 |
_aMadrid : _b[s.n.], _c1840 ( _fImp. de Ferrer y Compañía) |
||
| 300 |
_a334 p. ; _c20 cm. |
||
| 530 | _aDisponible en formato digital. | ||
| 610 | 2 | 4 |
_aAteneo de Madrid- _vConferencias- _yS.XIX. _91910 |
| 650 | 7 |
_aEconomía social _2embne _912036 |
|
| 852 | 4 |
_aES-MaACL _jD-948 _z- Enc. pasta española |
|
| 856 | 4 |
_uhttp://hdl.handle.net/10347/8078 _zRepositorio Institucional da Universidade de Santiago de Compostela |
|
| 999 |
_c164292 _d164292 |
||